Экологическая геохимия углей

Bibliographic Details
Main Author: Юдович Я. Э.
Corporate Author: Российская академия наук (РАН) Уральское отделение (УрО) Коми научный центр (КомиНЦ) Институт геологии (ИГ)
Other Authors: Кетрис М. П.
Summary:На основе новейших данных представлены очерки 24 токсичных элементов в углях, оценены их кларки, рассмотрены формы нахождения данных элементов в углях, а также основные факторы, управляющие их распределением углях. Подробно анализируются вопросы генезиса аномальных концентраций токсичных элементов. Специально исследуются экологические проблемы, обусловленные атмосферной эмиссией токсичных элементов при промышленном сжигании углей, а также возникающие при складировании золошлаковых отходов.
Language:Russian
Published: Сыктывкар, Геопринт, 2008
Series:Программы фундаментальных исследований Российской академии наук №5(67)
Subjects:
Format: Book
KOHA link:https://koha.lib.tpu.ru/cgi-bin/koha/opac-detail.pl?biblionumber=260174

MARC

LEADER 00000nam0a2200000 4500
001 260174
005 20231101233444.0
035 |a (RuTPU)RU\TPU\book\283121 
090 |a 260174 
100 |a 20140514d2008 k y0rusy50 ca 
101 0 |a rus 
102 |a RU 
105 |a y z 001zy 
200 1 |a Экологическая геохимия углей  |f Я. Э. Юдович, М. П. Кетрис  |g Российская академия наук (РАН), Уральское отделение (УрО), Коми научный центр (КомиНЦ), Институт геологии (ИГ) 
210 |a Сыктывкар  |c Геопринт  |d 2008 
215 |a 60 с. 
225 1 |a Программы фундаментальных исследований Российской академии наук  |v №5(67) 
320 |a Библиогр.: с. 60. 
330 |a На основе новейших данных представлены очерки 24 токсичных элементов в углях, оценены их кларки, рассмотрены формы нахождения данных элементов в углях, а также основные факторы, управляющие их распределением углях. Подробно анализируются вопросы генезиса аномальных концентраций токсичных элементов. Специально исследуются экологические проблемы, обусловленные атмосферной эмиссией токсичных элементов при промышленном сжигании углей, а также возникающие при складировании золошлаковых отходов. 
606 1 |a Угли ископаемые  |x Геохимия  |2 stltpush  |3 (RuTPU)RU\TPU\subj\66507  |9 82607 
610 1 |a экологическая геохимия 
610 1 |a добыча 
610 1 |a сжигание 
610 1 |a экологические проблемы 
610 1 |a углефильные элементы 
610 1 |a кларки 
610 1 |a токсичные элементы 
675 |a 553.94:550.4  |v 3 
700 1 |a Юдович  |b Я. Э. 
701 1 |a Кетрис  |b М. П. 
712 0 2 |a Российская академия наук (РАН)  |b Уральское отделение (УрО)  |b Коми научный центр (КомиНЦ)  |b Институт геологии (ИГ)  |c (Сыктывкар)  |2 stltpush  |3 (RuTPU)RU\TPU\col\7925 
801 1 |a RU  |b 63413507  |c 20140514 
801 2 |a RU  |b 63413507  |c 20140526  |g RCR 
942 |c BK